Quizzes
Events
Quiz Creation
Community
Videos
Private Events
Remove Ads
Sign In
Join for FREE
Feedback
Dark Mode
Quiz Categories
Sports
Geography
Music
Movies
Television
Just For Fun
Miscellaneous
History
Literature
Language
Science
Gaming
Entertainment
Religion
Holiday
For Kids
Quiz Lab
Recent
Popular Today
Quiz Kudos Today
Editor Picks
Curator Picks
Quizzes by...
Day
Popularity
Type
Ratings
Length
Year
Community
Subscriptions
Recent Discussions
Orange Saloon
Badges
Playlists
Quests
Create
Leaderboards
Showdown
Live 5
Trivia Bingo
Activity
Puzzle Library
Sporcle Events
Private Events
Virtual Trivia
Globe League
Become a Host
Pub Owners
SporcleCon
Opinionation
Our Games
Videos
Blog
Mobile Apps
Partnerships
Remove Ads and Go Orange
Feedback
History
US Presidents
World Leaders
Politics
Nation
Discovery
War
Decade
Year
Century
Biography
Art
History
US Presidents
World Leaders
Politics
Nation
Discovery
War
Decade
Year
Century
Biography
Art
Random Quiz
Search Sporcle
×
Quiz Lab
Quiz Lab
History
King
Type in answers that appear in a list
Type in answers that appear in a list
Classic
Best Score? Go Orange.
Kings and Queens of England in Order Stats
Can you name the Kings and Queens of England in Order?
By
EKopplin
10m
58 Questions
328 Plays
328 Plays
328 Plays
Comments
Comments
Give Quiz Kudos
Give Quiz Kudos
-
- Ratings
hide this ad
Replay
Link that replays current quiz
Next Quiz
Link to next quiz in quiz playlist
You Got
0%
They Got
Avg Score
48%
Avg Friend Score
Upgrade to see
Score Distribution
Jump to the score distribution portion of the page
Score
0/58
Timer
10:00
0
Plays Today
Dynasty
King/Queen
% Correct
The Angevins
Edward I
68.3%
Norman Rulers
Henry I
67.7%
The Angevins
Richard I
65.9%
The Tudors
Elizabeth I
65.2%
The Hanoverians
George I
64.9%
The Stuarts
James I
64.3%
The Stuarts
Charles I
63.4%
The Angevins (Husband of #21)
Henry II
62.5%
The Angevins
Henry V
62.5%
Saxon Rulers
Alfred, 'the Great'
61%
The Angevins
Henry VI
61%
The Angevins
Edward II
60.7%
The Angevins
Edward V
60.1%
The Angevins
Henry III
59.8%
The Windsors
George V
59.8%
The Tudors
Henry VII
59.1%
The Tudors
Edward VI
59.1%
The Hanoverians
George II
59.1%
The Tudors
Henry VIII
58.8%
The Windsors
George VI
58.8%
The Angevins
Edward III
58.5%
The Windsors
Elizabeth II
58.2%
The Angevins
Richard II
57.9%
The Angevins
Henry IV
57.9%
The Angevins
Edward IV
57.3%
The Tudors
Mary I, 'Bloody Mary'
57.3%
The Hanoverians
George III
57.3%
The Windsors
Edward VII
56.7%
The Angevins
Richard III
56.4%
Dynasty
King/Queen
% Correct
The Angevins
John
56.1%
The Hanoverians
George IV
56.1%
The Stuarts
James II
55.8%
The Stuarts (Husband of #45)
William III
55.8%
The Stuarts
Charles II
55.5%
The Windsors
Edward VIII
55.2%
Norman Rulers (Husband of #21)
Stephen
54.3%
The Stuarts (Wife of #46)
Mary II
54%
The Hanoverians
Victoria
54%
The Hanoverians
William IV
52.1%
The Stuarts
Anne
51.2%
Danish Rulers
Harold II
50.3%
Danish Rulers
Edward, 'the Confessor'
44.8%
Danish Rulers
Canute
36.3%
Saxon Rulers
Edward, 'the Elder'
35.4%
Saxon Rulers
Athelstan
34.8%
Saxon Rulers
Edgar
34.5%
Norman Rulers
William I, 'the Conqueror'
26.8%
Danish Rulers
Sweyn, 'Forkbeard'
24.4%
Norman Rulers
William II, 'Rufus'
24.1%
Norman Rulers (Wife of #20)
Matilda, 'the Empress'
24.1%
Danish Rulers
Harthacanute
20.7%
Saxon Rulers
Ethelred II, 'the Unready'
20.1%
Saxon Rulers
Edred
19.8%
Saxon Rulers
Edwy, 'the Fair'
18.6%
Saxon Rulers
Edmund I, 'the Magnificent'
18.3%
Danish Rulers
Edmund II, 'Ironside'
17.4%
Danish Rulers
Harold I, 'Harefoot'
17.1%
Saxon Rulers
(St.) Edward II, 'the Martyr'
13.1%
Quiz Playlist
Details
Report
Send in Message
Add To Playlist
Classic:
Type in answers that appear in a list
Last Updated: Jul 12, 2017
Quiz Scoreboard
CHALLENGE
Sign Up to Join the Scoreboard
Show All
Scores
Hide
Comments
May contain spoilers
Recently Published
9x9 Crossword: Cartoon Network
by jackfrog10
Miscellaneous
3m
College Basketball Coaching Resumes
by pancakes188
Sports
9m
Billboard Blitz: Fleetwood Mac
by CooCooCachoo
Music
15s
More to Explore
Quiz From the Vault
Featured Blog Post
Where Did the Easter Bunny Come From?
hide this ad
You Might Also Like...
Tags
Dynasty
England
Estimated
King
Order
Queen
Ruled
Today's Top Quizzes in History
Browse History
hide this ad
Today's Top Quizzes in King
Browse King
Top Contributed Quizzes in History
1
Popular People in 1991
2
Popular People in 1981
3
Popular People in 1951
4
Popular People in 1941
5
Popular People in 1986
6
Popular People in 1976
7
Popular People in 1921
8
5-to-1: 20th Century Images of War
9
I Am Born On March 28th
10
Popular People in 1946
Explore More
Trending Topics
Kpop
Marvel
Disney
NBA
Harry Potter
Crossword
Anime
Soccer
Song
NFL
Pokémon
The Office
WWE
Country
Puzzle
hide this ad
More By:
EKopplin
Quiz
Plays
Rating
Category
Featured
Created
Kings and Queens of England in Order
328
1.17
History
Nov 22, 2011
Go to Creator's Profile
Score Distribution
Quiz Creator Spotlight
EKopplin
Follow
Send a Message
Quizzes Created
-
Created Quiz Play Count
-
More By This Creator
Popular Quizzes Today
1
Find the US States - No Outlines Minefield
2
Find the Countries of Europe - No Outlines Minefield
3
The Countries of the World
4
Find the US States
5
Risky Map Clicking: Biggest States A-Z
6
US States
7
Popular People in 1961
8
Movies - When Are They Set?
More History Quizzes
True or False Blitz: 19th Century
Published
Trending Quizzes
Risky Map Clicking: Least Populous States A-Z
1-10 Letter G Words
1-10 Letter F Words
Risky Map Clicking: Next State Alphabetically
Adjectives in 80s TV Shows
Recently Updated
Leaping Animals
pecheneg
Reality TV Shows (A-Z)
bhenderson79
Rickey Henderson's Hall of Fame Teammates
pecheneg
Champions League XIs: Arsenal
pecheneg
Quick Pick: Celebrities in WWE's Hall of Fame
aduchscher
A-Z Keypad Blitz II
pecheneg
Multiple Oscar Actors
pecheneg
Mystery Phrase Blitz: Oscar 'Best Actors'
pecheneg
F. Scott Fitzgerald Novels
LTH
Pick 3 Villains
ddd62291
Trending Topics
Disney
Harry Potter
NBA
Anime
Kpop
Marvel
Crossword
Country
The Office
Song
Soccer
WWE
Pokémon
Puzzle
NFL
Your Account Isn't Verified!
In order to create a playlist on Sporcle, you need to verify the email address you used during registration. Go to your
Sporcle Settings
to finish the process.
Report this User
Report this user for behavior that violates our
Community Guidelines
.
Details:
Send Report
Go to the Sporcle.com Mobile Site →
Comments